Joint FAO/WHO expert committee on nutrition (Record no. 5749)
[ view plain ]
| 000 -LEADER | |
|---|---|
| fixed length control field | 00390cam a2200169ua 4500 |
| 041 ## - LANGUAGE CODE | |
| Language code of text/sound track or separate title | eng |
| 082 ## - DEWEY DECIMAL CLASSIFICATION NUMBER | |
| Classification number | 363.806 |
| Item number | WHO/JO |
| 100 ## - MAIN ENTRY--AUTHOR NAME | |
| Personal name | WHO, . |
| 245 00 - TITLE STATEMENT | |
| Title | Joint FAO/WHO expert committee on nutrition |
| 260 ## - PUBLICATION, DISTRIBUTION, ETC. (IMPRINT) | |
| Place of publication | Geneva : |
| Name of publisher | World Health Organisation , |
| Year of publication | 1962. |
| 300 ## - PHYSICAL DESCRIPTION | |
| Number of Pages | 68 ; . |
| 942 ## - ADDED ENTRY ELEMENTS (KOHA) | |
| Koha item type | Books |
| Withdrawn status | Lost status | Damaged status | Home library | Current library | Date acquired | Full call number | Accession Number | Koha item type |
|---|---|---|---|---|---|---|---|---|
| Withdrawn | KAUAET | KAUAET | 07/04/2012 | 363.806 | 7663 | Books |
